[Event "GER-ch U25 op-A"]
[Site "Oberhof"]
[Date "2013.05.24"]
[Round "8"]
[White "Kempe, Markus"]
[Black "Herbrig, Marie Helen"]
[Result "0-1"]
[WhiteElo "1649"]
[BlackElo "1762"]
[PlyCount "62"]
[EventDate "2013.05.19"]
[EventType "swiss"]
[EventRounds "9"]
[EventCountry "GER"]
[SourceTitle "CBM 154 Extra"]
[Source "ChessBase"]
[SourceDate "2013.06.25"]
[SourceVersion "2"]
[SourceVersionDate "2013.06.25"]
[SourceQuality "1"]

1. e4 c5 2. Nf3 Nc6 3. d4 cxd4 4. Nxd4 Nf6 5. Nc3 d6 6. Bg5 e6 7. Qd2 h6 8. Bh4 Nxe4 9. Qf4 Qb6 10. Nxc6 Nxc3 11. Nd8 Qc7 12. Bd3 f5 13. Qf3 Be7 14. bxc3 Qxc3+ 15. Ke2 Qe5+ 16. Kd2 g5 17. Nxb7 d5 18. Qh5+ Kf8 19. Bg3 Bb4+ 20. Kd1 Qxa1+ 21. Ke2 Qc3 22. Bd6+ Bxd6 23. Nxd6 Qe5+ 24. Kd2 Qxd6 25. Qg6 Qf4+ 26. Ke1 Qe5+ 27. Kd2 Rb8 28. Re1 Qg7 29. Qh5 Bd7 30. h3 Qf6 31. g4 Be8 0-1

[Event "GER-ch U25 op-A"]
[Site "Oberhof"]
[Date "2013.05.20"]
[Round "3"]
[White "Kempe, Markus"]
[Black "Sonnhalter, Stella"]
[Result "1/2-1/2"]
[WhiteElo "1649"]
[BlackElo "1843"]
[PlyCount "61"]
[EventDate "2013.05.19"]
[EventType "swiss"]
[EventRounds "9"]
[EventCountry "GER"]
[SourceTitle "CBM 154 Extra"]
[Source "ChessBase"]
[SourceDate "2013.06.25"]
[SourceVersion "2"]
[SourceVersionDate "2013.06.25"]
[SourceQuality "1"]

1. e4 c5 2. Nf3 Nc6 3. d4 cxd4 4. Nxd4 g6 5. Nc3 Bg7 6. Be3 Nf6 7. Bc4 0-0 8. 0-0 Nxe4 9. Nxe4 d5 10. Nxc6 bxc6 11. Bd3 dxe4 12. Bxe4 Qc7 13. c3 Rb8 14. Qc2 Be6 15. b3 c5 16. Rad1 a5 17. Bd5 Bf5 18. Qc1 Be5 19. h3 a4 20. Bc4 Qa5 21. Rd5 Qxc3 22. Qxc3 Bxc3 23. Rxc5 Bb4 24. Rd5 axb3 25. axb3 Be6 26. Rd4 Bc5 27. Rd3 Bxc4 28. bxc4 Bxe3 29. Rxe3 Rfc8 30. Rxe7 Rxc4 31. Rfe1 1/2-1/2

[Event "Sachsen-ch U18"]
[Site "Sebnitz"]
[Date "2013.04.05"]
[Round "6"]
[White "Kempe, Markus"]
[Black "Suhr, Daniel"]
[Result "1-0"]
[WhiteElo "1596"]
[BlackElo "1346"]
[PlyCount "88"]
[EventDate "2013.04.02"]
[EventType "swiss"]
[EventRounds "7"]
[EventCountry "GER"]
[SourceTitle "EXT 2014"]
[Source "ChessBase"]
[SourceDate "2013.11.20"]
[SourceVersion "1"]
[SourceVersionDate "2013.11.20"]
[SourceQuality "1"]

1. e4 e6 2. d4 d5 3. Nc3 dxe4 4. Nxe4 Nf6 5. Bd3 Nc6 6. Nf3 b6 7. Nxf6+ gxf6 8. Bf4 Bb7 9. Qd2 Qd7 10. 0-0-0 0-0-0 11. Bb5 Qd5 12. Bxc6 Bxc6 13. Kb1 Qh5 14. Qc3 Kb7 15. d5 exd5 16. Nd4 Bc5 17. Nxc6 Kxc6 18. Qxf6+ Bd6 19. Bxd6 cxd6 20. Rhe1 Rde8 21. f3 Kd7 22. Qd4 Rhg8 23. Qa4+ Kd8 24. Qxa7 Qxh2 25. Qxb6+ Kc8 26. Qc6+ Kd8 27. Qb6+ Kd7 28. Qb7+ Kd8 29. Qb8+ Kd7 30. Qb7+ Kd8 31. Qxd5 Rxe1 32. Rxe1 Rxg2 33. Qa8+ Kc7 34. Qa7+ Kc6 35. Qa6+ Kc5 36. Qc8+ Kb6 37. Qd8+ Kc6 38. Qe8+ Kb6 39. Qe3+ Ka6 40. Qa3+ Kb6 41. Rd1 Kc6 42. Qa6+ Kc7 43. Qa7+ Kc6 44. a3 Rxc2 1-0

[Event "Sachsen-ch U16"]
[Site "Sebnitz"]
[Date "2012.04.12"]
[Round "4"]
[White "Demme, Marcel"]
[Black "Kempe, Markus"]
[Result "0-1"]
[WhiteElo "938"]
[BlackElo "1555"]
[PlyCount "44"]
[EventDate "2012.04.10"]
[EventType "swiss"]
[EventRounds "7"]
[EventCountry "GER"]
[SourceTitle "CBM 148 Extra"]
[Source "ChessBase"]
[SourceDate "2012.06.22"]
[SourceVersion "1"]
[SourceVersionDate "2012.06.22"]
[SourceQuality "1"]

1. e4 c5 2. Nf3 Nc6 3. d4 cxd4 4. Nxd4 Nf6 5. Nc3 d6 6. Bb5 Bd7 7. f3 e6 8. Be3 Be7 9. Bg5 0-0 10. Nxc6 bxc6 11. Ba4 d5 12. exd5 cxd5 13. Bxd7 Qxd7 14. Qd4 Rfc8 15. Qa4 Qxa4 16. Nxa4 Rxc2 17. 0-0 Rac8 18. Rac1 h6 19. Bxf6 Bxf6 20. Rxc2 Rxc2 21. Rf2 Rc1+ 22. Rf1 Bd4+ 0-1

[Event "GER-chB U25"]
[Site "Oberhof"]
[Date "2011.06.18"]
[Round "9"]
[White "Kempe, Markus"]
[Black "Werner, Justus"]
[Result "1-0"]
[WhiteElo "1468"]
[BlackElo "1344"]
[PlyCount "67"]
[EventDate "2011.06.11"]
[EventType "swiss"]
[EventRounds "9"]
[EventCountry "GER"]
[SourceTitle "CBM 142 Extra"]
[Source "ChessBase"]
[SourceDate "2011.06.27"]
[SourceVersion "1"]
[SourceVersionDate "2011.06.27"]
[SourceQuality "1"]

1. e4 c5 2. Nf3 d6 3. d4 cxd4 4. Nxd4 Nf6 5. Nc3 a6 6. Bg5 e6 7. f4 Qb6 8. Nb3 Nc6 9. Qf3 Bd7 10. 0-0-0 h5 11. Bd3 Be7 12. h3 0-0-0 13. Rhe1 Kb8 14. Kb1 Rc8 15. e5 Ne8 16. exd6 Nxd6 17. Bf1 f6 18. Bh4 Qc7 19. Nc5 Rce8 20. Nxe6 Bxe6 21. Rxe6 Nf5 22. Bf2 Bd6 23. Nd5 Qa5 24. Rxe8+ Rxe8 25. g4 hxg4 26. hxg4 Nfe7 27. Nxf6 gxf6 28. Rxd6 Rd8 29. Rxd8+ Qxd8 30. Qd3 Qc7 31. Be3 Nb4 32. Qc4 Qa5 33. Bd2 Qd8 34. Qxb4 1-0

[Event "GER-chB U25"]
[Site "Oberhof"]
[Date "2011.06.17"]
[Round "8"]
[White "Kempe, Markus"]
[Black "Kololli, Martin"]
[Result "0-1"]
[WhiteElo "1468"]
[BlackElo "1553"]
[PlyCount "36"]
[EventDate "2011.06.11"]
[EventType "swiss"]
[EventRounds "9"]
[EventCountry "GER"]
[SourceTitle "CBM 142 Extra"]
[Source "ChessBase"]
[SourceDate "2011.06.27"]
[SourceVersion "1"]
[SourceVersionDate "2011.06.27"]
[SourceQuality "1"]

1. e4 e5 2. Nf3 Nc6 3. Bc4 Nf6 4. d4 exd4 5. 0-0 Bc5 6. e5 d5 7. exf6 dxc4 8. Re1+ Be6 9. Ng5 Qxf6 10. Nxe6 fxe6 11. Qh5+ Qf7 12. Qxc5 Rf8 13. Rf1 e5 14. Nd2 c3 15. bxc3 dxc3 16. Nf3 0-0-0 17. Qxc3 e4 18. Ne5 Qxf2+ 0-1

[Event "GER-ch U14 DEM op"]
[Site "Oberhof"]
[Date "2010.05.28"]
[Round "6"]
[White "Kempe, Markus"]
[Black "Voggenreiter, Simon"]
[Result "1-0"]
[WhiteElo "1397"]
[BlackElo "1738"]
[PlyCount "33"]
[EventDate "2010.05.23"]
[EventType "swiss"]
[EventRounds "7"]
[EventCountry "GER"]
[SourceTitle "CBM 136 Extra"]
[Source "ChessBase"]
[SourceDate "2010.07.02"]
[SourceVersion "2"]
[SourceVersionDate "2010.07.15"]
[SourceQuality "1"]

1. e4 e6 2. d4 d5 3. Nc3 Bb4 4. e5 c5 5. a3 Bxc3+ 6. bxc3 Ne7 7. Nf3 Nbc6 8. Be2 0-0 9. 0-0 Bd7 10. Re1 Re8 11. a4 cxd4 12. cxd4 Na5 13. Bd3 Nc4 14. Bxh7+ Kxh7 15. Ng5+ Kg6 16. Qg4 f5 17. exf6 1-0

[Event "GER-ch U14 DEM op"]
[Site "Oberhof"]
[Date "2010.05.26"]
[Round "4"]
[White "Tran, Khoa Anh Le"]
[Black "Kempe, Markus"]
[Result "1/2-1/2"]
[WhiteElo "1588"]
[BlackElo "1397"]
[PlyCount "61"]
[EventDate "2010.05.23"]
[EventType "swiss"]
[EventRounds "7"]
[EventCountry "GER"]
[SourceTitle "CBM 136 Extra"]
[Source "ChessBase"]
[SourceDate "2010.07.02"]
[SourceVersion "2"]
[SourceVersionDate "2010.07.15"]
[SourceQuality "1"]

1. e4 c5 2. Nf3 Nc6 3. d4 cxd4 4. Nxd4 Nf6 5. Nc3 d6 6. Be2 e5 7. Nb3 Be7 8. 0-0 0-0 9. f3 a5 10. Be3 b6 11. Bb5 Bb7 12. Na4 Nd7 13. c4 Nc5 14. Nbxc5 dxc5 15. Qxd8 Bxd8 16. Bxc6 Bxc6 17. Nc3 Bc7 18. a4 Rad8 19. Rad1 Rxd1 20. Rxd1 Rd8 21. Rxd8+ Bxd8 22. b3 f6 23. g4 g5 24. Nd5 Kf7 25. Kf2 h6 26. Ke2 Ke6 27. Bf2 Kd7 28. Ne3 Be7 29. h4 Ke6 30. h5 Kd7 31. Kd3 1/2-1/2

[Event "GER-ch U14 DEM op"]
[Site "Oberhof"]
[Date "2010.05.25"]
[Round "3"]
[White "Ewert, Paul"]
[Black "Kempe, Markus"]
[Result "0-1"]
[WhiteElo "1519"]
[BlackElo "1397"]
[PlyCount "56"]
[EventDate "2010.05.23"]
[EventType "swiss"]
[EventRounds "7"]
[EventCountry "GER"]
[SourceTitle "CBM 136 Extra"]
[Source "ChessBase"]
[SourceDate "2010.07.02"]
[SourceVersion "2"]
[SourceVersionDate "2010.07.15"]
[SourceQuality "1"]

1. e4 c5 2. Nf3 Nc6 3. Nc3 d6 4. Be2 Nf6 5. d4 cxd4 6. Nxd4 e5 7. Nb3 Be7 8. 0-0 0-0 9. Kh1 a5 10. a4 Nb4 11. f4 b6 12. Bf3 Bb7 13. f5 d5 14. exd5 Nfxd5 15. Nxd5 Bxd5 16. Nd2 Rc8 17. c3 Nd3 18. Bxd5 Qxd5 19. Qf3 Qxf3 20. Rxf3 Rfd8 21. Ne4 Nc5 22. Bg5 Bxg5 23. Nxg5 f6 24. Nh3 Rd2 25. Rf2 Rcd8 26. Rxd2 Rxd2 27. b4 Nd3 28. bxa5 bxa5 0-1

[Event "GER-ch U25 op"]
[Site "Willingen"]
[Date "2009.06.02"]
[Round "5"]
[White "Kempe, Markus"]
[Black "Bachem, Sabrina"]
[Result "1-0"]
[WhiteElo "1348"]
[BlackElo "1599"]
[PlyCount "163"]
[EventDate "2009.05.30"]
[EventType "swiss"]
[EventRounds "9"]
[EventCountry "GER"]
[SourceTitle "EXT 2010"]
[Source "ChessBase"]
[SourceDate "2010.11.25"]
[SourceVersion "1"]
[SourceVersionDate "2010.11.25"]
[SourceQuality "1"]

1. e4 c5 2. Nf3 e6 3. d4 cxd4 4. Nxd4 Nf6 5. Nc3 d6 6. f4 Nc6 7. Be3 Be7 8. Be2 0-0 9. Bf3 Bd7 10. 0-0 e5 11. Nxc6 Bxc6 12. f5 a6 13. Qe1 Nd7 14. Nd5 Bxd5 15. exd5 Bf6 16. c3 Rc8 17. Rc1 b5 18. g4 Nc5 19. Qd2 h6 20. Kh1 Re8 21. Rg1 Bg5 22. Be2 e4 23. b4 Nd7 24. c4 bxc4 25. Rxc4 Rxc4 26. Bxc4 Nb8 27. Re1 Qf6 28. Bxg5 Qxg5 29. Qxg5 hxg5 30. Re3 Re7 31. Kg1 Rc7 32. Rxe4 Kf8 33. Kf2 Re7 34. Ke3 Rxe4+ 35. Kxe4 Ke7 36. b5 axb5 37. Bxb5 Kd8 38. a4 Kc7 39. f6 gxf6 40. Kf5 Kb6 41. Kxf6 Kc5 42. Kxg5 Kxd5 43. Kf6 Nc6 44. Bxc6+ Kxc6 45. Kxf7 d5 46. g5 d4 47. g6 d3 48. g7 d2 49. g8Q d1Q 50. Qa8+ Kc5 51. Qa5+ Kc6 52. Qa8+ Kc5 53. Qc8+ Kb4 54. h3 Qf3+ 55. Kg6 Qd3+ 56. Qf5 Qd6+ 57. Kg5 Qd8+ 58. Kg4 Kxa4 59. Qf4+ Kb5 60. Qg5+ Qxg5+ 61. Kxg5 Kc6 62. Kg6 Kd6 63. h4 Ke7 64. Kg7 Ke6 65. h5 Kf5 66. h6 Kg5 67. h7 Kf5 68. h8Q Ke4 69. Qh5 Kd4 70. Qf5 Kc4 71. Qe5 Kd3 72. Qf4 Kc3 73. Qe4 Kb3 74. Qd4 Kc2 75. Qe3 Kb2 76. Qd3 Ka2 77. Qb5 Ka3 78. Kf6 Ka2 79. Ke5 Ka3 80. Kd4 Ka2 81. Kc3 Ka3 82. Qa5# 1-0

[Event "Sachsen-ch U14"]
[Site "Sebnitz"]
[Date "2009.04.17"]
[Round "6"]
[White "Ohme, Markus"]
[Black "Kempe, Markus"]
[Result "1/2-1/2"]
[WhiteElo "1399"]
[BlackElo "1310"]
[PlyCount "29"]
[EventDate "2009.04.14"]
[EventType "swiss"]
[EventRounds "7"]
[EventCountry "GER"]
[SourceTitle "EXT 2010"]
[Source "ChessBase"]
[SourceDate "2010.11.25"]
[SourceVersion "1"]
[SourceVersionDate "2010.11.25"]
[SourceQuality "1"]

1. e4 c5 2. Nf3 d6 3. d4 cxd4 4. Nxd4 Nf6 5. Nc3 g6 6. Be2 Bg7 7. Be3 0-0 8. 0-0 Bd7 9. f4 Qc8 10. Qd2 Nc6 11. Kh1 Ng4 12. Bg1 Nf6 13. Be3 Ng4 14. Bg1 Nf6 15. Be3 1/2-1/2

[Event "GER-chT U14"]
[Site "Verden"]
[Date "2008.12.29"]
[Round "6.3"]
[White "Kempe, Markus"]
[Black "Gomer, Thomas"]
[Result "1-0"]
[WhiteElo "1449"]
[BlackElo "1125"]
[PlyCount "83"]
[EventDate "2008.12.27"]
[EventType "team-swiss"]
[EventRounds "7"]
[EventCountry "GER"]
[SourceTitle "EXT 2010"]
[Source "ChessBase"]
[SourceDate "2010.11.25"]
[SourceVersion "1"]
[SourceVersionDate "2010.11.25"]
[SourceQuality "1"]
[WhiteTeam "Chemnitz Aufbau"]
[BlackTeam "Balingen"]
[WhiteTeamCountry "GER"]
[BlackTeamCountry "GER"]

1. e4 e5 2. Nf3 Nc6 3. Bc4 Nf6 4. d4 exd4 5. 0-0 Bd6 6. Re1 Ng4 7. Bxf7+ Kf8 8. Bd5 Be7 9. Nxd4 Nxd4 10. Qxd4 d6 11. Nc3 Bf6 12. Qd3 Ne5 13. Qg3 Qe7 14. f4 Bh4 15. Qe3 Bxe1 16. fxe5 Bxc3 17. Qxc3 dxe5 18. Bd2 Qd6 19. Qc4 Qb6+ 20. Kh1 Bd7 21. Rf1+ Ke8 22. Bg5 Bb5 23. Bf7+ Kd7 24. Be6+ Ke8 25. Qd5 Qd6 26. Qxb5+ Qc6 27. Bf7+ Kd7 28. Qxe5 Qd6 29. Qf5+ Kc6 30. Bd5+ Kb6 31. Be3+ c5 32. b4 Kb5 33. Bxc5 Qd8 34. a4+ Ka6 35. Bc4+ b5 36. axb5+ Kb7 37. Bd5+ Kb8 38. Qe5+ Kc8 39. Be6+ Kb7 40. Rf7+ Qd7 41. Rxd7+ Kc8 42. Qc7# 1-0

[Event "GER-chT U14"]
[Site "Verden"]
[Date "2008.12.27"]
[Round "1.3"]
[White "Kempe, Markus"]
[Black "Stoevesand, Eric"]
[Result "0-1"]
[WhiteElo "1449"]
[BlackElo "1670"]
[PlyCount "76"]
[EventDate "2008.12.27"]
[EventType "team-swiss"]
[EventRounds "7"]
[EventCountry "GER"]
[SourceTitle "EXT 2010"]
[Source "ChessBase"]
[SourceDate "2010.11.25"]
[SourceVersion "1"]
[SourceVersionDate "2010.11.25"]
[SourceQuality "1"]
[WhiteTeam "Chemnitz Aufbau"]
[BlackTeam "Feldberg"]
[WhiteTeamCountry "GER"]
[BlackTeamCountry "GER"]

1. e4 e5 2. Nf3 Nc6 3. Bc4 Bc5 4. c3 Nf6 5. d4 exd4 6. cxd4 Bb4+ 7. Bd2 Bxd2+ 8. Nbxd2 d5 9. exd5 Nxd5 10. Qb3 Nce7 11. 0-0 0-0 12. Ne5 c6 13. Ndf3 h6 14. Rfe1 Qd6 15. Nd2 Bf5 16. Ne4 Bxe4 17. Rxe4 Rab8 18. Rd1 b5 19. Be2 Nf6 20. Rh4 Nf5 21. Rf4 Nxd4 22. Rdxd4 Qxe5 23. Qd3 c5 24. Rxf6 Qxd4 25. Qxd4 cxd4 26. Rf4 Rfd8 27. Bd3 Rbc8 28. h3 Rc1+ 29. Kh2 a6 30. Rf5 Ra1 31. a3 Ra2 32. Rc5 Rxb2 33. Rc6 Rb3 34. Bc2 Rxa3 35. Rc7 d3 36. Bd1 d2 37. Bf3 Rxf3 38. gxf3 d1Q 0-1

[Event "GER-ch U25 op"]
[Site "Willingen"]
[Date "2008.05.16"]
[Round "8"]
[White "Paulus, Jeffrey"]
[Black "Kempe, Markus"]
[Result "1-0"]
[WhiteElo "1674"]
[BlackElo "1243"]
[PlyCount "53"]
[EventDate "2008.05.11"]
[EventType "swiss"]
[EventRounds "9"]
[EventCountry "GER"]
[SourceTitle "CBM 124 Extra"]
[Source "ChessBase"]
[SourceDate "2008.07.03"]
[SourceVersion "1"]
[SourceVersionDate "2008.07.03"]
[SourceQuality "1"]

1. e4 c5 2. Nf3 Nc6 3. c3 g6 4. d4 cxd4 5. cxd4 Bg7 6. Nc3 Nf6 7. e5 Ng8 8. Bc4 d6 9. Bf4 dxe5 10. dxe5 Qa5 11. Qd5 Qxd5 12. Nxd5 Rb8 13. e6 Bxe6 14. Nc7+ Kf8 15. Nxe6+ fxe6 16. Bxb8 Nxb8 17. 0-0 Nf6 18. Bxe6 Nc6 19. Rad1 Bh6 20. Nd4 Nxd4 21. Rxd4 Kg7 22. Rfd1 Bg5 23. h4 Bh6 24. g4 g5 25. f4 gxh4 26. g5 Bxg5 27. fxg5 1-0

[Event "GER-ch U25 op"]
[Site "Willingen"]
[Date "2008.05.15"]
[Round "7"]
[White "Kempe, Markus"]
[Black "Pfadenhauer, Tobias"]
[Result "1-0"]
[WhiteElo "1243"]
[BlackElo "1759"]
[PlyCount "49"]
[EventDate "2008.05.11"]
[EventType "swiss"]
[EventRounds "9"]
[EventCountry "GER"]
[SourceTitle "CBM 124 Extra"]
[Source "ChessBase"]
[SourceDate "2008.07.03"]
[SourceVersion "1"]
[SourceVersionDate "2008.07.03"]
[SourceQuality "1"]

1. e4 e6 2. d4 d5 3. Nc3 Bb4 4. e5 c5 5. g3 Bxc3+ 6. bxc3 Ne7 7. Nf3 Bd7 8. Be2 Nbc6 9. 0-0 Rc8 10. h4 cxd4 11. cxd4 Na5 12. h5 h6 13. Bd3 Nc4 14. g4 Qa5 15. g5 Qc3 16. Rb1 hxg5 17. Nxg5 Ba4 18. Rxb7 Nb6 19. Qf3 Rf8 20. Nh7 Rh8 21. Ng5 Rf8 22. Nh7 Bxc2 23. Bb5+ Kd8 24. Qxc3 Rxc3 25. Nxf8 1-0

[Event "GER-ch U25 op"]
[Site "Willingen"]
[Date "2008.05.11"]
[Round "1"]
[White "Billing, Alexander"]
[Black "Kempe, Markus"]
[Result "1-0"]
[WhiteElo "1875"]
[BlackElo "1243"]
[PlyCount "39"]
[EventDate "2008.05.11"]
[EventType "swiss"]
[EventRounds "9"]
[EventCountry "GER"]
[SourceTitle "CBM 124 Extra"]
[Source "ChessBase"]
[SourceDate "2008.07.03"]
[SourceVersion "1"]
[SourceVersionDate "2008.07.03"]
[SourceQuality "1"]

1. e4 c5 2. Nc3 Nc6 3. g3 g6 4. Bg2 Bg7 5. d3 d6 6. Be3 Nf6 7. f3 0-0 8. Qd2 Be6 9. Bh6 Qd7 10. h4 a6 11. g4 b5 12. h5 Bxg4 13. fxg4 Qxg4 14. Bxg7 Kxg7 15. hxg6 Qxg6 16. 0-0-0 Ne5 17. Nf3 Rab8 18. Nh4 Qg5 19. Nf5+ Kg8 20. Nh6+ 1-0

[Event "Sachsen-ch U12"]
[Site "Sebnitz"]
[Date "2007.04.14"]
[Round "7"]
[White "Merker, Konstantin"]
[Black "Kempe, Markus"]
[Result "1/2-1/2"]
[WhiteElo "1023"]
[BlackElo "1193"]
[PlyCount "65"]
[EventDate "2007.04.10"]
[EventType "swiss"]
[EventRounds "7"]
[EventCountry "GER"]
[SourceTitle "EXT 2008"]
[Source "ChessBase"]
[SourceDate "2007.11.25"]
[SourceVersion "1"]
[SourceVersionDate "2007.11.25"]
[SourceQuality "1"]

1. e4 e5 2. Nf3 Nc6 3. d4 exd4 4. Nxd4 Nf6 5. Nxc6 bxc6 6. e5 Nd5 7. c4 Nb6 8. Be2 Bc5 9. 0-0 0-0 10. b3 d6 11. exd6 cxd6 12. Bb2 Qg5 13. Nd2 Bh3 14. Bf3 Bd7 15. Ne4 Qf5 16. Nxd6 Bxd6 17. Qxd6 Rac8 18. Qd4 Qg6 19. Bh5 Qg5 20. f4 Qh6 21. Rf3 f6 22. a4 Qxh5 23. a5 Bg4 24. Re3 Nd7 25. h3 Bf5 26. g4 Bxg4 27. hxg4 Qxg4+ 28. Kf2 Rcd8 29. Rg1 Qh4+ 30. Reg3 c5 31. Qe4 Rfe8 32. Qf5 Re7 33. Qg4 1/2-1/2

[Event "Sachsen-ch U12"]
[Site "Sebnitz"]
[Date "2007.04.12"]
[Round "4"]
[White "Kempe, Markus"]
[Black "Ruehrmund, Daniel"]
[Result "0-1"]
[WhiteElo "1193"]
[BlackElo "1601"]
[PlyCount "100"]
[EventDate "2007.04.10"]
[EventType "swiss"]
[EventRounds "7"]
[EventCountry "GER"]
[SourceTitle "EXT 2008"]
[Source "ChessBase"]
[SourceDate "2007.11.25"]
[SourceVersion "1"]
[SourceVersionDate "2007.11.25"]
[SourceQuality "1"]

1. e4 c5 2. Nf3 e6 3. d4 cxd4 4. Nxd4 a6 5. Nc3 Qc7 6. Be3 Bb4 7. Bd2 Nf6 8. Bd3 b5 9. Qf3 Bb7 10. Qe2 d6 11. 0-0-0 Nbd7 12. Kb1 Bc5 13. Nf3 0-0 14. h4 Nb6 15. h5 b4 16. h6 g6 17. Bg5 Ne8 18. Nd5 exd5 19. exd5 f6 20. Qe6+ Qf7 21. Qxf7+ Rxf7 22. Bf4 Nc7 23. g4 Re7 24. g5 f5 25. Rhe1 Rae8 26. Rxe7 Rxe7 27. Nd2 Ncxd5 28. Bg3 Kf8 29. Nb3 f4 30. Bh4 Re8 31. Na5 Bc8 32. Nc6 Bg4 33. Rc1 Bd7 34. Na5 Bb5 35. Bxb5 axb5 36. Nb3 Nc7 37. Nxc5 dxc5 38. Rd1 Re2 39. f3 Nc4 40. b3 Na3+ 41. Kb2 Nxc2 42. Rd8+ Kf7 43. Rd7+ Ke6 44. Rxc7 Ne3+ 45. Kc1 Rxa2 46. Be1 Kd6 47. Rb7 Re2 48. Bh4 Ng2 49. Rxb5 Ke5 50. Rb8 Nxh4 0-1

[Event "Sachsen-ch U10"]
[Site "Sebnitz"]
[Date "2006.04.20"]
[Round "4"]
[White "Kempe, Markus"]
[Black "Klotzbuecher, Jan"]
[Result "1-0"]
[WhiteElo "990"]
[BlackElo "990"]
[PlyCount "85"]
[EventDate "2006.04.18"]
[EventType "swiss"]
[EventRounds "7"]
[EventCountry "GER"]
[SourceTitle "EXT 2007"]
[Source "ChessBase"]
[SourceDate "2006.11.23"]
[SourceVersion "1"]
[SourceVersionDate "2006.11.23"]
[SourceQuality "1"]

1. e4 c5 2. Nf3 d6 3. d4 cxd4 4. Nxd4 Nf6 5. Nc3 g6 6. Bc4 Bg7 7. Bg5 0-0 8. Qd2 Nfd7 9. 0-0-0 Nc6 10. Nxc6 bxc6 11. Bb3 Nc5 12. Bc4 Rb8 13. b3 Qa5 14. Na4 Qxd2+ 15. Rxd2 Nxa4 16. bxa4 Bb2+ 17. Kd1 Bc3 18. Rd3 Rb1+ 19. Bc1 Bf6 20. Rb3 Rxb3 21. axb3 e6 22. Bh6 Rd8 23. Ke2 d5 24. exd5 exd5 25. Bd3 Re8+ 26. Kd2 Bd4 27. f3 Bf5 28. Bxf5 gxf5 29. c3 Re6 30. Bf4 Bf6 31. Be3 Kg7 32. Bxa7 Re7 33. Bc5 Rb7 34. Kc2 Rb8 35. Bd4 Re8 36. Bxf6+ Kxf6 37. g3 Kg5 38. Kd2 f4 39. Re1 Rb8 40. b4 fxg3 41. hxg3 f5 42. a5 f4 43. g4 1-0

[Event "Sachsen-ch U10"]
[Site "Sebnitz"]
[Date "2006.04.19"]
[Round "2"]
[White "Kempe, Markus"]
[Black "Heidelberger, Colin"]
[Result "0-1"]
[WhiteElo "990"]
[BlackElo "1059"]
[PlyCount "98"]
[EventDate "2006.04.18"]
[EventType "swiss"]
[EventRounds "7"]
[EventCountry "GER"]
[SourceTitle "EXT 2007"]
[Source "ChessBase"]
[SourceDate "2006.11.23"]
[SourceVersion "1"]
[SourceVersionDate "2006.11.23"]
[SourceQuality "1"]

1. e4 c5 2. d4 cxd4 3. c3 dxc3 4. Nxc3 d6 5. Nf3 e6 6. Be3 Nc6 7. Bc4 Nf6 8. Bf4 Be7 9. e5 dxe5 10. Qxd8+ Bxd8 11. Nxe5 Nxe5 12. Bxe5 Be7 13. 0-0 0-0 14. Rad1 b6 15. Rfe1 Bb7 16. Rd2 Rfd8 17. Rxd8+ Rxd8 18. h3 a6 19. Re3 Rd2 20. b3 b5 21. Bd3 Nd5 22. Nxd5 Bxd5 23. Rg3 g6 24. Bc3 Rxa2 25. b4 Ra3 26. Bd2 Ra1+ 27. Kh2 Bd6 28. f4 Rd1 29. Be3 Rxd3 30. Kg1 Bxb4 31. Kf1 Bc4 32. Kf2 a5 33. Rg5 a4 34. Bc5 Bxc5+ 35. Rxc5 Kg7 36. Rc6 a3 37. Ra6 a2 38. Ke1 b4 39. Ra4 b3 40. Ra3 b2 41. Rxd3 b1Q+ 42. Rd1 Qe4+ 43. Kf2 Qc2+ 44. Kg3 Qxd1 45. f5 exf5 46. Kf4 Qd4+ 47. Kf3 a1R 48. g4 Rf1+ 49. Kg3 Qf2# 0-1

[Event "Sachsen-ch int U08"]
[Site "Sebnitz"]
[Date "2004.10.17"]
[Round "2.6"]
[White "Korpalska, Joanna"]
[Black "Kempe, Markus"]
[Result "1-0"]
[WhiteElo "1400"]
[BlackElo "757"]
[PlyCount "29"]
[EventDate "2004.10.??"]
[EventType "swiss"]
[EventRounds "9"]
[EventCountry "GER"]
[SourceTitle "EXT 2006"]
[Source "ChessBase"]
[SourceDate "2005.11.24"]
[SourceVersion "1"]
[SourceVersionDate "2005.11.24"]
[SourceQuality "1"]

1. d4 d5 2. c4 dxc4 3. e4 Nf6 4. e5 Nd5 5. Bxc4 e6 6. Nf3 Bb4+ 7. Bd2 Bxd2+ 8. Qxd2 Nc6 9. 0-0 0-0 10. Nc3 Nxc3 11. bxc3 Na5 12. Bd3 Bd7 13. Qe3 h6 14. Qe4 Bc6 15. Qh7# 1-0